Motor vehicle technology and practical work. Pt 1 and 2 (Record no. 27165)

MARC details
000 -LEADER
fixed length control field 00325nam a2200121Ia 4500
082 ## - DEWEY DECIMAL CLASSIFICATION NUMBER
Classification number 629.113
Item number DOL
100 ## - MAIN ENTRY--AUTHOR NAME
Personal name Dolan, J A
245 #0 - TITLE STATEMENT
Title Motor vehicle technology and practical work. Pt 1 and 2
260 ## - PUBLICATION, DISTRIBUTION, ETC. (IMPRINT)
Place of publication London
Name of publisher Heineman
Year of publication 1977
650 ## - SUBJECT ADDED ENTRY--TOPICAL TERM
Topical Term Motor vehicles
942 ## - ADDED ENTRY ELEMENTS (KOHA)
Koha item type Books
Holdings
Withdrawn status Lost status Damaged status Not for loan Home library Current library Date acquired Cost, normal purchase price Full call number Accession Number Koha item type
        RRII Library RRII Library 16/12/2021 1.40 629.113 DOL 07794 Books